Statistics for UK Parliament Constituencies: Wales

Click here to take the quiz!

General Stats

  • This quiz has been taken 180 times
  • The average score is 29 of 40

Answer Stats

Answer% Correct
Cardiff Central
99%
Cardiff North
99%
Cardiff South and Penarth
99%
Cardiff West
99%
Swansea East
95%
Swansea West
95%
Newport East
89%
Newport West
89%
Wrexham
89%
Ynys Mon
88%
Carmarthen West and South Pembrokeshire
85%
Clwyd South
80%
Clwyd West
80%
Monmouth
80%
Vale of Clwyd
80%
Vale of Glamorgan
80%
Preseli Pembrokeshire
79%
Rhondda
78%
Carmarthen East and Dinefwr
77%
Brecon and Radnorshire
75%
Merthyr, Tydfil and Rhymney
75%
Montgomeryshire
75%
Bridgend
71%
Neath
70%
Llanelli
68%
Ceredigion
67%
Blaenau Gwent
64%
Aberavon
60%
Caerphilly
60%
Torfaen
59%
Aberconwy
57%
Gower
57%
Pontypridd
57%
Arfon
55%
Islwyn
55%
Ogmore
55%
Alyn and Deeside
52%
Cynon Valley
48%
Dwyfor Meirionnydd
47%
Delyn
45%

Score Distribution

Percentile by Number Answered

Percent of People with Each Score

Your Score History

You have not taken this quiz